| 000 | 01964nam a2200229 a 4500 | ||
|---|---|---|---|
| 001 | 000046311 | ||
| 005 | 20201002052759.0 | ||
| 008 | 150723s1954 dr ac r 000 0 spa d | ||
| 040 |
_aDO-SdBNP _bspa _cBNPHU |
||
| 082 |
_a927.81 _bL951a |
||
| 100 | 1 |
_aLugo Lovatón, Ramón _954077 |
|
| 245 | 1 | 0 |
_aAmbito y rutas de José Reyes y de Emilio Prud'Homme con motivo del traslado de sus restos a la catedral / _cRamón Lugo Lovatón. |
| 260 |
_aCiudad Trujillo, República Dominicana : _bMontalvo, _bSecretaría de Estado de lo Interior, Policía y Comunicaciones, _c1954. |
||
| 300 |
_a55 p. : _bil., retrs. ; _c24 cm. |
||
| 500 | _aIncluye referencias bibliográficas y notas al pie de las páginas | ||
| 505 | 0 |
_aHomenajes a nuestros próceres en la Era de Trujillo -- _tAmbito y ruta de José Reyes -- _tJosé Reyes se inspiró en la Marsellesa -- _tAmbito y ruta de Emilio Prud'Homme -- _tEl himno de Reyes y de Prud'Homme -- _tInconformidades con la letra del Himno Nacional -- _tUn editorial del Señor Félix María Nolasco y contestación de Prud'Homme -- _tUn nuevo himno -- _tMuerte y mausoleo de José Reyes -- _tUltimos años de Prud'Homme -- _tArreglo para canto y piano del Himno Nacional -- _tEstrofas del Himno Nacional -- _tEl gobierno del generalísimo Trujillo rinde honores a Prud'Homme -- _tLey que le dió al Himno carácter oficial -- _tIniciativa para trasladar los reyes y de Prud'Homme a la capilla de los inmortales -- _tLey que dispuso el traslado de los retos -- _tDiscurso pronunciado por el señor Virgilio Alvarez Sánchez, secretario de E. de Interior, Policía y Comunicaciones -- _tActas naciones de la exhumación de los restos de reyes y de Prud'Homme. |
|
| 590 | _aInventariado, 2019/BT | ||
| 600 | 1 | 4 |
_aREYES, JOSÉ, _d1835-1905 _973630 |
| 600 | 1 | 4 |
_aPRUD'HOMME, EMILIO, _d1856-1932 _973631 |
| 710 | 1 | 2 |
_aRepública Dominicana. _bSecretaría de Estado de lo Interior, Policía y Comunicaciones. _974329 |
| 910 | _aValidado. Control de calidad. MFF | ||
| 999 |
_c45800 _d45800 |
||